| 000 | 00426nam a2200157Ia 4500 | ||
|---|---|---|---|
| 008 | 231217s9999 xx 000 0 und d | ||
| 020 | _a81-7808-158-X | ||
| 041 | _aEnglish | ||
| 082 | _a001.64404ECO KAL2;3 | ||
| 100 | _aKalakota, Ravi Whinston, Andrew B | ||
| 245 | 0 | _aElectronic commerce: A manager's guide | |
| 260 |
_c1997 _bpearson _aNew Delhi |
||
| 300 | _axiv+431 | ||
| 650 | _acommerce:,manager's | ||
| 942 | _cAA | ||
| 999 |
_c177695 _d177695 |
||